Anales de la Academia Matritense del Notariado T.XXVI

Detalles Bibliográficos
Autor Corporativo: Academia Matritense del Notariado
Formato: Conjunto
Lenguaje:español
Publicado: Madrid : Editoriales de Derecho Reunidas, [1982]
Materias:
Acceso en línea:Acceso restringido. (Tomo XXVI)

MARC

LEADER 00000nac a22000007a 4500
005 20110914104021.0
008 820101 1982 sp c
020 |a 84-7130-495-3 (T.XXVI) 
035 |a 543 
040 |a ES-BaICA  |d vLex 
041 0 |a spa 
090 |c 2442  |d 2442 
110 2 |a Academia Matritense del Notariado 
245 1 0 |a Anales de la Academia Matritense del Notariado   |h [Recurso electrn̤ico] /  |c Academia Matritense del Notariado   |n T.XXVI 
256 |a Servicio en ln̕ea. 
260 |a Madrid :  |b Editoriales de Derecho Reunidas,  |c [1982] 
300 |a 16 vol. ;  |c 24 cm 
506 1 |a Contenido solo disponible en los productos indicados  |d vLex Global  |d vLex Global (Academic Edition, excluding Law Schools)  |d vLex Global (U.S. Academic Edition, Law Schools)  |d vLex Global (U.S. Academic Edition, excluding Law Schools)  |d vLex Global (Academic Edition, Law Schools) 
650 4 |a Derecho mercantil  |z Espaą 
740 0 |a vLex Libros (Servicio en ln̕ea) 
856 4 0 |u http://vlex.com/source/anales-academia-matriense-notariado-543  |z Acceso restringido. (Tomo XXVI) 
942 |c BOOK